000 01052cam a22003137i 4500
001 65902
005 20200226102307.0
008 050527s2005 xxka 000 0 eng d
020 _a0-7506-5456-2
020 _a978-0-7506-5456-2
035 _a(SE-LIBR)9889942
060 _aWE 550
082 0 4 _a616.7062
_222
100 1 _aShacklock, Michael
245 0 0 _aClinical neurodynamics :
_ba new system of musculoskeletal treatment /
_cMichael Shacklock
260 _bEdinburgh :
_bElsevier Butterworth Heinemann,
_c2005
300 _a251 s. :
_bill. :
_eCD-ROM
650 2 _amusculoskeletal diseases
650 2 _amusculoskeletal manipulations
650 2 _aphysical therapy modalities
653 _aPhysical therapy
950 _6650
950 _6650
950 _6650
950 _6650
950 _6650
950 _6650
999 _c1288
_d1288